000 00662cam a22002293a 4500
001 32192
003 PGUSA
005 20140828083710.0
008 100430s2010||||xxu|||||s|||||000 | eng d
040 _aPGUSA
_beng
042 _adc
050 4 _aE300
100 1 _aGallatin, Albert,
_d1761-1849
245 1 0 _aPeace with Mexico
_h[electronic resource] /
_cAlbert Gallatin
260 _bProject Gutenberg,
_c2010
506 _aPublic domain in the USA.
516 _aElectronic text
653 _aUnited States -- Politics and government -- 1845-1849
830 0 _aProject Gutenberg
_v32192
856 4 0 _uhttp://www.gutenberg.org/ebooks/32192
942 _cEB
999 _c261447
_d261447